• 首页
  • 本馆介绍
  • 公告通知
  • 最新文献
  • 馆藏检索
  • 电子资源
  • 读者导购
  • 参考咨询
  • 我的图书馆
  • 登录
  • 详细信息显示
  • 放入我的书架
  • 预约/预借图书
  • 作者相关作品
  • 分类相关作品
  • 丛书相关作品
  • 出版社相关作品

书目信息

  • 表格格式
  • 工作单格式
  • 卡片格式
题名:
人体解剖彩色图谱
    
 
作者: 郭光文 主编
分册:  
出版信息: 北京   人民卫生出版社  2008
页数: 264
开本: 26cm
丛书名:
单 册:
中图分类: R322-64
科图分类:
主题词: 人体形态学
电子资源:
ISBN: 7-117-09851-9
000 00598nam0 2200193 450
001 1735846483
005 20170410095726.48
010    @a7-117-09851-9@b精装@d¥75.00
100    @a20170410d km y0chiy0120 ea
101 0  @achi
200 1  @a人体解剖彩色图谱@Aren ti jie pou cai se tu pu@f郭光文等主编@Fguo guang wen deng zhu bian
205    @a2版
210    @a北京@c人民卫生出版社@d2008
215    @a264@c彩图@d26cm
606 0  @a人体形态学
690    @aR322-64@v4
701  0 @a郭光文@Aguo guang wen@4主编
801  0 @aCN@b大连网信软件有限公司图书馆·11@c20170410
905    @b6604290@dR322-64@en1=2@f1
    
    人体解剖彩色图谱/郭光文等主编.-2版.-北京:人民卫生出版社,2008
    264:彩图;26cm
    
    
    ISBN 7-117-09851-9(精装):¥75.00
    
●
相关链接 在E读中查询图书 在五车中查询图书 在当当中查询图书 在豆瓣中查询图书


正题名:人体解剖彩色图谱     索取号:R322-64/n1=2         预约/预借

序号 登录号 条形码 馆藏地/架位号 状态 备注
1 6604290   266042908   生命科学系资料室/ [索取号:R322-64/n1=2] 在馆    
唐山师范学院图书馆 欢迎您!
大连网信软件有限公司© 版权所有